Faculty of Law Library — Cairo University

Official Online Catalog

Cases and materials on the international legal system / (Record no. 63137)

MARC details
000 -LEADER
fixed length control field 01520cam a2200409 i 4500
003 - CONTROL NUMBER IDENTIFIER
control field EG-GICUC
005 - DATE AND TIME OF LATEST TRANSACTION
control field 20260215114528.0
008 - FIXED-LENGTH DATA ELEMENTS--GENERAL INFORMATION
fixed length control field 810413r19811973nyu frb 001 0 eng d
020 ## - INTERNATIONAL STANDARD BOOK NUMBER
International Standard Book Number 0882770322
020 ## - INTERNATIONAL STANDARD BOOK NUMBER
International Standard Book Number 9780882770321
040 ## - CATALOGING SOURCE
Original cataloging agency DLC
Transcribing agency DLC
Modifying agency DLC
-- EG-GICUC
Language of cataloging eng
Description conventions rda
043 ## - GEOGRAPHIC AREA CODE
Geographic area code n-us---
050 00 - LIBRARY OF CONGRESS CALL NUMBER
Classification number KZ1242.5
Item number .C375 1981
082 00 - DEWEY DECIMAL CLASSIFICATION NUMBER
Classification number 341.0268
Edition number 21
092 04 - LOCALLY ASSIGNED DEWEY CALL NUMBER (OCLC)
Edition number 21
099 ## - LOCAL FREE-TEXT CALL NUMBER (OCLC)
Classification number Law 11 1981
245 00 - TITLE STATEMENT
Title Cases and materials on the international legal system /
Statement of responsibility, etc. by Joseph Modeste Sweeney, Covey T. Oliver, Noyes E. Leech.
250 ## - EDITION STATEMENT
Edition statement 2nd edition.
264 ## - PRODUCTION, PUBLICATION, DISTRIBUTION, MANUFACTURE, AND COPYRIGHT NOTICE
Place of production, publication, distribution, manufacture Mineola, N.Y. :
Name of producer, publisher, distributor, manufacturer Foundation Press,
Date of production, publication, distribution, manufacture, or copyright notice 1981.
300 ## - PHYSICAL DESCRIPTION
Extent xciii, 1371 pages ;
Dimensions 26 cm.
336 ## - CONTENT TYPE
Content type term text
Source rdacontent
337 ## - MEDIA TYPE
Media type term Computer
Source rdamedia
338 ## - CARRIER TYPE
Carrier type term Online Resource
Source rdacarrier
440 #0 - SERIES STATEMENT/ADDED ENTRY--TITLE
Title University casebook series
500 ## - GENERAL NOTE
General note Previous ed. published in 1973 as: Cases and materials on the international legal system / by Noyes E. Leech, Covey T. Oliver, Joseph Modeste Sweeney.
500 ## - GENERAL NOTE
General note Kept up to date by documentary supplements.
500 ## - GENERAL NOTE
General note Includes index.
650 #0 - SUBJECT ADDED ENTRY--TOPICAL TERM
Topical term or geographic name entry element International law
Form subdivision Cases.
Source of heading or term
650 #0 - SUBJECT ADDED ENTRY--TOPICAL TERM
Topical term or geographic name entry element International and municipal law
Geographic subdivision United States
Form subdivision Cases.
700 1# - ADDED ENTRY--PERSONAL NAME
Personal name Sweeney, Joseph M.
700 1# - ADDED ENTRY--PERSONAL NAME
Personal name Oliver, Covey T.,
Dates associated with a name 1913-2007.
700 1# - ADDED ENTRY--PERSONAL NAME
Personal name Leech, Noyes E.
700 1# - ADDED ENTRY--PERSONAL NAME
Personal name Leech, Noyes E.
Title of a work Cases and materials on the international legal system.
856 40 - ELECTRONIC LOCATION AND ACCESS
Uniform Resource Identifier <a href="https://fll.law.cu.edu.eg/fulltext/bks/ENGB11-00138.pdf">https://fll.law.cu.edu.eg/fulltext/bks/ENGB11-00138.pdf</a>
905 ## - Cataloger and Reviser Names
Cataloger Name: Hend El khosy
942 ## - ADDED ENTRY ELEMENTS (KOHA)
Source of classification or shelving scheme Dewey Decimal Classification
Koha item type Books
Edition 21
Suppress in OPAC No
Holdings
Withdrawn status Lost status Source of classification or shelving scheme Damaged status Not for loan Collection Home library Current library Date acquired Total checkouts Full call number Barcode Date last seen Copy number Price effective from Koha item type Public note
    Dewey Decimal Classification     القانون الدولي العام جــــامعة القــاهرة مكتبة كلية الحقوق - فـرع الشيخ زايد 15.02.2026   Law2 11 341.0268 SW . C 2 ed - 1981 1100138 C1 ENGB11-00138 15.02.2026 1 15.02.2026 Books 2273

© All rights reserved — Faculty of Law, Cairo University